Finanzas para directivos (Registro nro. 71)
[ vista simple ]
| 000 -LEADER | |
|---|---|
| fixed length control field | 01138 a2200217 4500 |
| 001 - CONTROL NUMBER | |
| control field | 95 |
| 005 - DATE AND TIME OF LATEST TRANSACTION | |
| control field | 20260407155410.0 |
| 008 - FIXED-LENGTH DATA ELEMENTS--GENERAL INFORMATION | |
| fixed length control field | 260407a2005 arg spa d |
| 003 - CONTROL NUMBER IDENTIFIER | |
| control field | AR-UNSa-BCEJYS |
| 040 ## - CATALOGING SOURCE | |
| Original cataloging agency | AR-UNSa-BCEJYS |
| Language of cataloging | spa |
| Transcribing agency | AR-UNSa-BCEJYS |
| 080 ## - UNIVERSAL DECIMAL CLASSIFICATION NUMBER | |
| Universal Decimal Classification number | 658.15 |
| Common auxiliary subdivision | Administración financiera privada. Gestión financiera de empresas<br/> |
| 020 ## - INTERNATIONAL STANDARD BOOK NUMBER | |
| International Standard Book Number | 978-84-481-4537-8 |
| 100 1# - MAIN ENTRY--PERSONAL NAME | |
| Personal name | Martínez Abascal, Eduardo |
| 245 10 - TITLE STATEMENT | |
| Title | Finanzas para directivos |
| 264 #1 - PRODUCTION, PUBLICATION, DISTRIBUTION, MANUFACTURE, AND COPYRIGHT NOTICE | |
| Place of production, publication, distribution, manufacture | Madrid : |
| Name of producer, publisher, distributor, manufacturer | McGraw-Hill |
| Date of production, publication, distribution, manufacture, or copyright notice | 2005 |
| 300 ## - PHYSICAL DESCRIPTION | |
| Extent | xii, 250 p. |
| Dimensions | 23 cm |
| 505 ## - FORMATTED CONTENTS NOTE | |
| Formatted contents note | 1. Finanazas operativas - 2. Finanzas operativas II.Previsión finaciera - 3. Caso práctico. Finaciación del crecimiento - 4. Caso practico resuelto - 5. Cálculo resuelto con excel - 6. Introducción a las finanzas estructurales - 7. Análisis de proyecto de inversión - 8. Casos de análisis de proyectos de inversión - 9. Decisiones sobre deuda y capital - 10. Valoración de empresas.Un resumen. |
| 590 ## - LOCAL NOTE (RLIN) | |
| Local note | niveau_biblio:m niveau_hierar:0 |
| 856 41 - ELECTRONIC LOCATION AND ACCESS | |
| Uniform Resource Identifier | <a href="https://biblioeco.unsa.edu.ar/pmb/images/libros/Finanzas para directivos2-l116702.jpg">https://biblioeco.unsa.edu.ar/pmb/images/libros/Finanzas para directivos2-l116702.jpg</a> |
| Link text | Imagen de portada |
| Electronic format type | image/jpeg |
| 942 ## - ADDED ENTRY ELEMENTS (KOHA) | |
| Koha item type | |
| Withdrawn status | Lost status | Damaged status | Not for loan | Home library | Current library | Shelving location | Date acquired | Total checkouts | Full call number | Barcode | Date last seen | Price effective from | Koha item type |
|---|---|---|---|---|---|---|---|---|---|---|---|---|---|
| Biblioteca Prof. Eusebio Cleto del Rey | Biblioteca Prof. Eusebio Cleto del Rey | 07/04/2026 | 658.15 M385 | L116702 | 07/04/2026 | 07/04/2026 | Libro | ||||||
| Biblioteca Prof. Eusebio Cleto del Rey | Biblioteca Prof. Eusebio Cleto del Rey | 07/04/2026 | 658.15 M385 | L116703 | 07/04/2026 | 07/04/2026 | Libro | ||||||
| Biblioteca Prof. Eusebio Cleto del Rey | Biblioteca Prof. Eusebio Cleto del Rey | 07/04/2026 | 658.15 M385 | L116704 | 07/04/2026 | 07/04/2026 | Libro | ||||||
| Biblioteca Prof. Eusebio Cleto del Rey | Biblioteca Prof. Eusebio Cleto del Rey | 07/04/2026 | 658.15 M385 | L116705 | 07/04/2026 | 07/04/2026 | Libro | ||||||
| Biblioteca Prof. Eusebio Cleto del Rey | Biblioteca Prof. Eusebio Cleto del Rey | 07/04/2026 | 658.15 M385 | L116706 | 07/04/2026 | 07/04/2026 | Libro |